Sports Quiz

Random Sports Quiz

Sports Illustrated Covers (1990s) Quiz Stats

Quiz Updated Mar 2, 2016

Challenge
Share
Tweet
Score 0/36 Timer 07:00
6 Plays Today
Column Athlete % Correct
The Dream Team
95%
O.J. Simpson
94.3%
Tiger Woods
94.1%
Mike Tyson
93.1%
John Elway
88%
Peyton Manning
86.7%
Joe Montana
85%
Dennis Rodman
84.6%
Mike Ditka
83.4%
Venus Williams
82.8%
Cal Ripken, Jr.
80.2%
Kevin Garnett
80.2%
Barry Sanders
77.9%
Troy Aikman
77.8%
Roger Clemens
76.5%
Gretzky & Messier
76.2%
Steve Young
75.8%
Mark McGwire
74.5%
Column Athlete % Correct
John Daly
72.4%
Evander Holyfield
71.5%
Ken Griffey, Jr.
71.2%
Arthur Ashe
69.4%
Jim Valvano
64.1%
Mario Lemieux
61.9%
Christian Laettner
60.9%
Nancy Kerrigan
57.2%
Pat Summitt
56.6%
Brandi Chastain
55.1%
Desmond Howard
53.4%
Bill Laimbeer
52%
J. Joyner-Kersee
49.6%
Kristi Yamaguchi
48.5%
Jennifer Capriati
43.4%
Monica Seles
41.1%
Reggie Lewis
36.5%
'Buster' Douglas
30.3%

You're not logged in!

Compare scores with friends on all Sporcle quizzes.
Sign Up with Email
OR
Log In

You Might Also Like...

Show Comments

Extras

Top Quizzes Today


Score Distribution

Your Account Isn't Verified!

In order to create a playlist on Sporcle, you need to verify the email address you used during registration. Go to your Sporcle Settings to finish the process.